000 00361nam a2200157Ia 4500
008 100122s9999 xx 000 0 und d
082 _b3629
_a808.6
100 _aKARANDIKAR R.P.
245 _aLETTERS FROM ENGLAND
250 _a1
260 _c1937
300 _a392
630 _aLETTERS FROM ENGLAND
730 _aLETTERS FROM ENGLAND
942 _cBOOK
999 _c393370
_d393367